000 00691nam a2200229 i 4500
001 C2-0300728
003 PPAK
005 20180728082211.0
008 091117s1985 io |||| ||||| | may d
040 _aPPAK
_beng
_cPPAK
_erda
082 0 4 _a499.221
_223
090 0 0 _a499.221
_bSTR
_dKIH
100 0 _aZainal abidin gaffar,
_eauthor
245 1 0 _aStruktur bahasa panesak
264 1 _aJakarta, Indonesia :
_bPusat Pembinaan dan Pengembangan Bahasa Departemen Pendidikan Dan Kebudayaan ,
_c1985
300 _axiv, 153 pages ;
_c21 cm
336 _2rdacontent
_atext
337 _2rdamedia
_aunmediated
338 _2rdacarrier
_avolume
650 1 0 _aPanesak language
942 _ddc
_cB
999 _c104585
_d104585